[Event "Julian Mazur Memorial"]
[Site "Wellington Chess Club"]
[Date "2020.06.25"]
[Round "2.16"]
[White "Ross, Matt"]
[Black "Stannard, Lars"]
[Result "0-1"]
[WhiteElo "1889"]
[BlackElo "1552"]

1. e4 e5 2. Nf3 Nc6 3. Bc4 Bc5 4. d3 h6 5. Bb3 Nf6 6. Nxe5 Nxe5 7. d4 O-O 8.
dxc5 Nxe4 9. O-O Nxc5 10. Nc3 Nxb3 11. axb3 d6 12. Qd4 b6 13. f4 Nc6 14. Qd5
Bb7 15. f5 Qf6 16. Ne4 Qd4+ 17. Qxd4 Nxd4 18. Ng3 f6 19. c3 Nxb3 20. Ra4 Nxc1
21. Rxc1 Rfe8 22. Rg4 Re7 23. Nh5 Rf7 24. Re1 Rd8 25. Rg6 Kf8 26. Nf4 Bc8 27.
g4 Re8 28. Rd1 Re4 29. Nh5 Bd7 30. Kf2 Be8 31. Kf3 Rfe7 32. Nxf6 Re3+ 33. Kf2
Re2+ 34. Kf1 Bxg6 35. Nd5 Bf7 36. Nxe7 Rxe7 37. Kf2 Re5 38. Rd2 h5 39. h3 hxg4
40. hxg4 a5 41. Kf3 Ke7 42. Kf4 g6 43. Rh2 gxf5 44. gxf5 Re1 45. Kg5 Rg1+ 46.
Kf4 c5 47. Rd2 d5 48. Ke5 Re1+ 49. Kf4 Kf6 50. Rf2 Re4+ 51. Kg3 Be8 52. Rd2 Re5
53. c4 d4 54. Rh2 Rxf5 55. Rh6+ Bg6 56. Rh8 Re5 57. Rb8 Re6 58. Rf8+ Ke7 59.
Rb8 Bc2 60. Rb7+ Kf6 61. Rd7 d3 62. Kf4 Re7 63. Rd6+ Re6 64. Rd7 a4 65. Rd5 Ke7
66. Kf3 Rd6 67. Ke3 Rxd5 68. cxd5 Kd6 69. Kd2 Kxd5 70. Kc3 b5 71. b4 cxb4+ 72.
Kb2 Kc4 73. Kc1 a3 74. Kd2 a2 75. Ke3 a1=Q 76. Kd2 Qd1+ 77. Ke3 Qe2+ 78. Kf4 b3
79. Kf5 b2 80. Kf4 b1=Q 81. Kg3 Qbf1 82. Kh4 Qeg2 83. Kh5 Qfh1# 0-1

[Event "Julian Mazur Memorial"]
[Site "Wellington Chess Club"]
[Date "2020.06.25"]
[Round "2.17"]
[White "He, Caleb"]
[Black "Osborne, Geoff"]
[Result "1-0"]
[WhiteElo "1862"]
[BlackElo "1287"]

1. c4 Nf6 2. g3 g6 3. Bg2 Bg7 4. Nf3 d6 5. d4 O-O 6. O-O Nbd7 7. Nc3 e5 8. d5
Nh5 9. e4 f5 10. exf5 Ndf6 11. fxg6 hxg6 12. Ng5 Qe7 13. Nce4 Nxe4 14. Bxe4 Bh6
15. Bxg6 Nf4 16. gxf4 exf4 17. Ne6 Bxe6 18. dxe6 Qg5+ 19. Kh1 Qxg6 20. Rg1 Bg5
21. h4 Rf5 22. Rxg5 Rxg5 23. hxg5 Kg7 24. Qd4+ Kh7 25. Bxf4 Qh5+ 26. Bh2 Qf3+
27. Kg1 Rg8 28. Qh4+ Kg6 29. Qh6+ Kf5 30. Qh7+ Rg6 31. Qf7+ 1-0

[Event "Julian Mazur Memorial"]
[Site "Wellington Chess Club"]
[Date "2020.06.25"]
[Round "2.18"]
[White "Van der Hoorn, Thomas"]
[Black "Stracy, Don"]
[Result "0-1"]
[WhiteElo "1522"]
[BlackElo "1696"]

1. e4 c5 2. Nf3 e6 3. d4 cxd4 4. Nxd4 Nf6 5. Nc3 Nc6 6. Ndb5 Bb4 7. Nd6+ Ke7 8.
Bf4 Qa5 9. Qd3 Ne5 10. Bxe5 Qxe5 11. Nxc8+ Raxc8 12. O-O-O Bxc3 13. bxc3 Rxc3
14. Qd2 Rhc8 15. Bd3 Rb3 16. Qe2 Qb2+ 17. Kd2 Qc3+ 18. Kc1 Rb2 19. Qd2 Rxa2 20.
Qxc3 Rxc3 21. f4 g6 22. h3 d5 23. e5 Nd7 24. g4 Nc5 25. Kd2 Rxd3+ 0-1

[Event "Julian Mazur Memorial"]
[Site "Wellington Chess Club"]
[Date "2020.06.25"]
[Round "2.24"]
[White "Winsley, Nicholas"]
[Black "Dunlop, Rafe"]
[Result "1-0"]
[WhiteElo "1566"]
[BlackElo "1397"]

1. e4 e5 2. Nf3 Nc6 3. Bb5 a6 4. Ba4 Nf6 5. O-O d6 6. Re1 b5 7. Bb3 Na5 8. Nc3
Nxb3 9. axb3 Be7 10. Nxb5 Bb7 11. Nc3 O-O 12. d3 c6 13. Be3 Qc7 14. d4 Nd7 15.
d5 f5 16. dxc6 Bxc6 17. Nd5 Bxd5 18. Qxd5+ Kh8 19. Ng5 Nf6 20. Qe6 fxe4 21.
Nf7+ Kg8 22. Nxe5+ Kh8 23. Nf7+ Kg8 24. Nxd6+ Kh8 25. Nf7+ Kg8 26. Ne5+ Kh8 27.
Bf4 Bb4 28. Ng6+ 1-0

[Event "Julian Mazur Memorial"]
[Site "Wellington Chess Club"]
[Date "2020.07.02"]
[Round "3.1"]
[White "Croad, Nicolas"]
[Black "Winter, Ryan"]
[Result "1-0"]
[WhiteElo "2440"]
[BlackElo "2166"]

1. d4 Nf6 2. c4 e6 3. Nf3 d5 4. Nc3 Bb4 5. Bg5 dxc4 6. e4 b5 7. a4 c6 8. e5 h6
9. exf6 hxg5 10. fxg7 Rg8 11. g3 Bb7 12. Bg2 Nd7 13. O-O Bxc3 14. bxc3 Rxg7 15.
Nd2 Qc7 16. Qh5 Rg6 17. Ne4 a6 18. Nxg5 Nb6 19. Be4 Rf6 20. Nh7 Nd5 21. Qh4 Rg6
22. Bxg6 fxg6 23. Nf6+ Nxf6 24. Qxf6 Qf7 25. Qxf7+ Kxf7 26. Rfe1 Rd8 27. Re5 b4
28. Rc5 bxc3 29. Rxc4 c2 30. Rxc2 Rxd4 31. Rb1 Bc8 32. Rxc6 Bd7 33. Rxa6 Bxa4
34. f4 Bd1 35. h3 Bf3 36. Kf2 Bd5 37. Ra7+ Kf6 38. Rb8 e5 39. Rf8+ Ke6 40. Re8+
Kd6 41. Rxe5 Rd3 42. Ra6+ Bc6 43. Rg5 Rf3+ 44. Ke2 1-0

[Event "Julian Mazur Memorial"]
[Site "Wellington Chess Club"]
[Date "2020.07.02"]
[Round "3.2"]
[White "Russell, Athula"]
[Black "Ker, Anthony"]
[Result "1/2-1/2"]
[WhiteElo "2250"]
[BlackElo "2437"]

1. d4 Nf6 2. Nf3 e6 3. Bf4 c5 4. e3 b6 5. Nbd2 cxd4 6. exd4 Bb7 7. Bd3 Be7 8.
c3 O-O 9. h3 d6 10. Qe2 Nbd7 11. O-O Re8 12. Rfe1 Bf8 13. Ba6 Qc8 14. Bxb7 Qxb7
15. Ne4 Nxe4 16. Qxe4 Qxe4 17. Rxe4 Nf6 18. Ree1 Nd5 19. Be3 b5 20. a4 a6 21.
Nd2 Nb6 22. b3 bxa4 23. bxa4 Rec8 24. Reb1 Nc4 25. Nxc4 Rxc4 26. Bd2 e5 27. Rb4
Rxb4 28. cxb4 exd4 29. Kf1 f5 30. Ke2 Kf7 31. Kd3 Be7 32. Re1 Bf6 33. Bf4 Rd8
34. Rc1 Be5 35. Bd2 Ke6 36. Rc6 Ra8 37. Kc4 f4 38. a5 h5 39. f3 g5 40. Be1 h4
41. Bd2 Ra7 42. Be1 Ra8 1/2-1/2

[Event "Julian Mazur Memorial"]
[Site "Wellington Chess Club"]
[Date "2020.07.02"]
[Round "3.3"]
[White "Dive, Russell"]
[Black "Stone, Andrew"]
[Result "1/2-1/2"]
[WhiteElo "2414"]
[BlackElo "2043"]

1. Nf3 Nf6 2. c4 g6 3. g3 Bg7 4. Bg2 O-O 5. O-O d5 6. cxd5 Nxd5 7. e4 Nb6 8. d4
Bg4 9. d5 c6 10. h3 Bd7 11. Nc3 Qc8 12. Kh2 cxd5 13. Nxd5 Nxd5 14. exd5 e6 15.
d6 Bc6 16. Re1 Nd7 17. Re2 b6 18. Rc2 Qb7 19. Rxc6 Qxc6 20. Ne5 Qc8 21. Nc6 Qa6
22. Ne7+ Kh8 23. Bxa8 Rxa8 24. Qf3 Rf8 25. Bf4 Bxb2 26. Bh6 Bg7 27. Bxg7+ Kxg7
28. Qc3+ e5 29. Qc7 Qe2 30. Kg1 Nc5 31. Nc6 Ne4 32. Rf1 Nd2 33. Rc1 Ne4 34. Rf1
1/2-1/2

[Event "Julian Mazur Memorial"]
[Site "Wellington Chess Club"]
[Date "2020.07.02"]
[Round "3.4"]
[White "Cilia Vincenti, David"]
[Black "Jackson, Ross"]
[Result "1-0"]
[WhiteElo "2264"]
[BlackElo "2030"]

1. d4 Nf6 2. c4 e6 3. Nc3 Bb4 4. Qc2 d5 5. cxd5 exd5 6. Bg5 c6 7. e3 Nbd7 8.
Bd3 h6 9. Bh4 O-O 10. Ne2 Re8 11. O-O Be7 12. f3 c5 13. dxc5 Nxc5 14. Bb5 Bd7
15. Bxd7 Ncxd7 16. Rad1 Rc8 17. Qf5 g6 18. Qh3 Qb6 19. Bf2 Qxb2 20. Rb1 Qa3 21.
Rb3 Qa6 22. Qxh6 Nc5 23. Rbb1 Ne6 24. Qh3 Kg7 25. g4 Rh8 26. Qg2 Bd6 27. h4 d4
28. exd4 Nf4 (28... Rxc3 $1 29. Nxc3 Nf4 30. Qh1 (30. Qh2 Ne2+) 30... Rc8 31.
Nb5 (31. g5 N6h5 32. Ne4 Ne2+ 33. Kg2 Nhf4+ 34. Kh2 Nd3+ 35. Nxd6 Qxd6+ 36. Kg2
Ndf4+ 37. Kh2 Qd7)  (31. Be1 Rxc3 32. Bxc3 Ne2+ 33. Kf2 Nxc3 34. Rb2 Qd3 35.
Rc1 Qxd4+ 36. Kg2 Nce4 37. fxe4 (37. Rbc2 Nd5 38. Qg1 Nf4+ 39. Kh1 Qd3 40. fxe4
Qf3+ 41. Rg2 Ne2 42. Qf2 Qh3+ 43. Rh2 Bxh2 44. Qxh2 Qxh2+ 45. Kxh2 Nxc1) 37...
Qxb2+) 31... Ne2+ 32. Kg2 Nd5 $1 $19 33. Rfe1 Ndf4+ 34. Kh2 (34. Kf1 Nc3) 34...
Nd3+) 29. Nxf4 Rxc3 30. Bg3 Bxf4 31. Bxf4 Rxh4 32. Be5 Kg8 33. Qd2 Nd5 34. Qg5
1-0

[Event "Julian Mazur Memorial"]
[Site "Wellington Chess Club"]
[Date "2020.07.02"]
[Round "3.5"]
[White "Langford, Josh"]
[Black "Wastney, Scott"]
[Result "0-1"]
[WhiteElo "1413"]
[BlackElo "2438"]

1. e4 e5 2. Nf3 Nc6 3. Bc4 Nf6 4. d4 exd4 5. O-O Nxe4 6. Re1 d5 7. Bxd5 Qxd5 8.
Nc3 Qh5 9. Nxe4 Be6 10. Neg5 O-O-O 11. Nxe6 fxe6 12. Rxe6 Bd6 13. Bg5 Bxh2+ 14.
Nxh2 Qxg5 15. Nf3 Qf5 16. Qe2 d3 17. cxd3 Qxd3 18. Qxd3 Rxd3 19. Kf1 Rhd8 20.
Rae1 Rd1 21. Rxd1 Rxd1+ 22. Re1 Rxe1+ 23. Kxe1 Nb4 24. Ng5 h6 25. Ne6 g5 26.
Kd2 Nxa2 27. Nd4 Nb4 28. Nf5 h5 29. Ng3 h4 30. Ne4 g4 31. Ke3 Nd5+ 32. Ke2 Nf4+
33. Kf1 h3 34. gxh3 gxh3 35. Kg1 a5 0-1

[Event "Julian Mazur Memorial"]
[Site "Wellington Chess Club"]
[Date "2020.07.02"]
[Round "3.6"]
[White "Marney, John"]
[Black "Wojnar, Maciej"]
[Result "1/2-1/2"]
[WhiteElo "1660"]
[BlackElo "2120"]

1. e4 Nf6 2. e5 Nd5 3. d4 d6 4. c4 Nb6 5. exd6 exd6 6. Nf3 Bg4 7. Be3 Nc6 8.
Be2 Be7 9. Nbd2 d5 10. c5 Nc8 11. a3 a5 12. Qa4 O-O 13. b4 Bf6 14. b5 N6e7 15.
Bd3 Nf5 16. O-O Nxe3 17. fxe3 Ne7 18. e4 Bxf3 19. Nxf3 dxe4 20. Bxe4 Nd5 21.
Qb3 c6 22. bxc6 bxc6 23. Bxd5 cxd5 24. a4 Rb8 25. Qd3 Re8 26. Rfe1 Rb4 27.
Rxe8+ Qxe8 28. Qa6 h6 29. c6 Bxd4+ 30. Nxd4 Qe3+ 31. Kf1 Rxd4 32. Qc8+ Kh7 33.
Qf5+ Kg8 34. Qc8+ 1/2-1/2

[Event "Julian Mazur Memorial"]
[Site "Wellington Chess Club"]
[Date "2020.07.02"]
[Round "3.8"]
[White "Wojnar, Jacek"]
[Black "Laking, Robert"]
[Result "1-0"]
[WhiteElo "2052"]
[BlackElo "1944"]

1. e4 c5 2. f4 e6 3. Nf3 Ne7 4. Nc3 d5 5. Bb5+ Nbc6 6. O-O g6 7. d3 Bg7 8. Qe1
O-O 9. Bxc6 Nxc6 10. Kh1 f5 11. e5 a6 12. a3 b5 13. Ne2 a5 14. d4 c4 15. Be3 b4
16. Bf2 Ba6 17. c3 h6 18. Bh4 Qc7 19. Rg1 Kh7 20. g4 b3 21. Qg3 Qf7 22. Rg2 Rg8
23. Rag1 Bf8 24. Bf6 Ra7 25. Qh4 Nxe5 26. Ng5# 1-0

[Event "Julian Mazur Memorial"]
[Site "Wellington Chess Club"]
[Date "2020.07.02"]
[Round "3.9"]
[White "Darr, Samuel"]
[Black "Sole, Michael"]
[Result "0-1"]
[WhiteElo "1652"]
[BlackElo "2000"]

1. e4 c5 2. Nf3 Nc6 3. d4 cxd4 4. Nxd4 Nf6 5. Nc3 e5 6. Nf3 Bb4 7. Bd2 Bxc3 8.
Bxc3 Nxe4 9. Bxe5 Nxe5 10. Nxe5 Qa5+ 11. c3 Qxe5 12. Qe2 d6 13. f3 Nf6 14.
Qxe5+ dxe5 15. O-O-O O-O 16. Bd3 Be6 17. Kb1 Rad8 18. g4 e4 19. fxe4 Bxg4 20.
Rd2 Nxe4 21. Rg2 Bf3 0-1

[Event "Julian Mazur Memorial"]
[Site "Wellington Chess Club"]
[Date "2020.07.02"]
[Round "3.10"]
[White "He, Paul"]
[Black "Hurndell, Robert"]
[Result "1/2-1/2"]
[WhiteElo "1911"]
[BlackElo "1623"]

1. c4 Nf6 2. g3 c6 3. Bg2 g6 4. b3 Bg7 5. Bb2 O-O 6. Nf3 d6 7. O-O Na6 8. d4
Nc7 9. Nc3 Bg4 10. e4 Qd7 11. Re1 Rad8 12. d5 cxd5 13. Nxd5 Ncxd5 14. exd5 b6
15. Qd2 Bxf3 16. Bxf3 Ne8 17. Re2 Bxb2 18. Qxb2 Ng7 19. Rae1 Rfe8 20. Qd4 h5
21. Kg2 e5 22. dxe6 Rxe6 23. Rxe6 Nxe6 24. Qf6 Re8 25. Re3 Qe7 26. Qxe7 Rxe7
27. Bc6 Rc7 28. Bd5 Re7 29. Bc6 Rc7 30. Bd5 Re7 {Threefold repetition ï¿½- ï¿½ }
1/2-1/2

[Event "Julian Mazur Memorial"]
[Site "Wellington Chess Club"]
[Date "2020.07.02"]
[Round "3.11"]
[White "Farrington, Lawrence"]
[Black "Aldridge, Alan"]
[Result "0-1"]
[WhiteElo "1639"]
[BlackElo "1870"]

1. e4 e5 2. Nf3 Nc6 3. Nc3 Nf6 4. Bb5 d6 5. d4 exd4 6. Nxd4 Bd7 7. O-O Nxd4 8.
Bxd7+ Qxd7 9. Qxd4 Be7 10. Nd5 Nxd5 11. exd5 O-O 12. c3 Qf5 13. Be3 Rfe8 14.
Rad1 Bf6 15. Qd3 Qh5 16. Bf4 Qe2 17. Qxe2 Rxe2 18. Rd2 Rae8 19. g3 g5 20. Be3
Rxd2 (20... R8xe3 21. fxe3 Rxd2 22. Rxf6 Rxb2 {wins} ) 21. Bxd2 Re5 22. c4 Re2
23. Be3 Rxb2 24. Bxa7 b6 25. a4 Ra2 26. Re1 Kf8 27. Bb8 Bd8 28. f4 gxf4 29.
gxf4 Rxa4 30. Re4 Ra8 31. Bxc7 Bxc7 32. f5 Bd8 33. Kf2 Bf6 34. Ke3 Re8 35.
Rxe8+ Kxe8 36. Kd3 Ke7 37. Kc2 Be5 38. h3 Kf6 39. Kb3 Kxf5 40. Kb4 Bd4 41. Kb5
Ke5 0-1

[Event "Julian Mazur Memorial"]
[Site "Wellington Chess Club"]
[Date "2020.07.02"]
[Round "3.12"]
[White "Stannard, Lars"]
[Black "He, Caleb"]
[Result "0-1"]
[WhiteElo "1552"]
[BlackElo "1862"]

1. d4 Nf6 2. Bf4 d5 3. Nf3 e6 4. e3 Bd6 5. Bxd6 Qxd6 6. a3 O-O 7. Bd3 c5 8. O-O
Nc6 9. dxc5 Qxc5 10. b4 Qd6 11. Nbd2 a6 12. Nb3 b6 13. c4 dxc4 14. Bxc4 Qe7 15.
Qc2 Bb7 16. Rfd1 Rac8 17. Qe2 a5 18. bxa5 Nxa5 19. Nxa5 Bxf3 20. Qxf3 bxa5 21.
Bb5 Qc5 22. a4 Rfd8 23. h3 Qb4 24. Rxd8+ Rxd8 25. Rd1 Rxd1+ 26. Qxd1 g6 27. f3
Nd5 28. e4 Nc3 29. Qd8+ Kg7 30. Qd7 Kf6 31. Kh2 Nxb5 32. Qxb5 Qxb5 33. axb5 Ke5
34. b6 Kd6 35. b7 Kc7 0-1

[Event "Julian Mazur Memorial"]
[Site "Wellington Chess Club"]
[Date "2020.07.02"]
[Round "3.14"]
[White "Stoeveken, Peter"]
[Black "Winsley, Nicholas"]
[Result "0-1"]
[WhiteElo "1803"]
[BlackElo "1566"]

1. d4 Nf6 2. Bg5 d5 3. Nf3 h6 4. Bh4 Bf5 5. Nbd2 c5 6. dxc5 Nc6 7. c3 e6 8. b4
g5 9. Bg3 Bg7 10. Nd4 Nh5 11. Nxf5 exf5 12. b5 Nxg3 13. hxg3 Ne5 14. Rc1 Qe7
15. Nb3 O-O 16. e3 Nc4 17. Qxd5 Nxe3 18. fxe3 Qxe3+ 19. Be2 Qxg3+ 20. Kf1 Qf4+
21. Qf3 Qa4 22. Rc2 Rfe8 23. Qxf5 Re5 24. Qd3 Rae8 25. Kf2 R5e6 26. Rh3 g4 27.
Rg3 Qf4+ 28. Kg1 Re3 29. Rxe3 Rxe3 30. Qc4 Re4 31. Qd3 g3 32. Qf3 Qh4 33. Qxe4
Qh2+ 0-1

[Event "Julian Mazur Memorial"]
[Site "Wellington Chess Club"]
[Date "2020.07.02"]
[Round "3.15"]
[White "Stracy, Don"]
[Black "Shepherd, Blake"]
[Result "1-0"]
[WhiteElo "1696"]
[BlackElo "1456"]

1. e4 e6 2. d4 d5 3. Nd2 dxe4 4. Nxe4 Nd7 5. Nf3 Ngf6 6. Nxf6+ Nxf6 7. Bd3 Bd7
8. O-O c5 9. Be3 Nd5 10. Qe2 Qc7 11. c4 cxd4 12. cxd5 dxe3 13. Qxe3 Bc5 14. Qg5
O-O 15. Rac1 Rac8 16. b4 f6 17. Qd2 Bxf2+ 18. Kxf2 Qb6+ 19. Qe3 Qxe3+ 20. Kxe3
exd5 21. Kd2 a6 22. Rxc8 Rxc8 23. Rc1 Bc6 24. Nd4 Bd7 25. Rxc8+ Bxc8 26. Nf5
Bxf5 27. Bxf5 Kf7 28. Bc8 b6 29. Bxa6 Ke6 30. Kd3 Ke5 31. a4 f5 32. a5 bxa5 33.
bxa5 g5 34. Bc8 1-0

[Event "Julian Mazur Memorial"]
[Site "Wellington Chess Club"]
[Date "2020.07.02"]
[Round "3.18"]
[White "Wevers, Alexis"]
[Black "Ackroyd, William"]
[Result "1-0"]
[WhiteElo "1830"]
[BlackElo "1439"]

1. d4 d5 2. Bf4 c5 3. e3 Nc6 4. Nf3 Qb6 5. Nc3 e6 6. Nb5 Kd7 7. e4 cxd4 8. exd5
exd5 9. Bd3 a6 10. Bf5+ Ke8 11. Qe2+ Be7 12. Nd6+ Kf8 13. Nxc8 Rxc8 14. Bxc8
1-0

[Event "Julian Mazur Memorial"]
[Site "Wellington Chess Club"]
[Date "2020.07.02"]
[Round "3.19"]
[White "Ashe, Michael"]
[Black "Stannard, Bobby"]
[Result "1-0"]
[WhiteElo "1748"]
[BlackElo "1504"]

1. d4 d5 2. c4 e6 3. Nc3 c5 4. cxd5 exd5 5. Nf3 Nf6 6. Bg5 Be6 7. e3 h6 8. Bh4
Be7 9. Bb5+ Nc6 10. Ne5 Qd6 11. Bg3 Qd8 12. Nxc6 bxc6 13. Bxc6+ Nd7 14. Bxa8
Qxa8 15. O-O c4 16. b3 Nb6 17. Nb5 Qb7 18. Nc7+ Kd7 19. Rb1 Qc6 20. Nxe6 fxe6
21. Rc1 Ba3 22. Qg4 g5 23. Rcd1 c3 24. Rc1 Bxc1 25. Rxc1 a5 26. Qe2 a4 27. Qd3
Rc8 28. Rc2 axb3 29. axb3 Ra8 30. h3 Rc8 31. Qh7+ Kd8 32. Qxh6 Qb5 33. Qxg5+
Kd7 34. Qg7+ Kd8 35. Bh4+ 1-0

[Event "Julian Mazur Memorial"]
[Site "Wellington Chess Club"]
[Date "2020.07.02"]
[Round "3.22"]
[White "Asher, Bruce"]
[Black "Ross, Matt"]
[Result "0-1"]
[WhiteElo "1187"]
[BlackElo "1889"]

1. d4 Nf6 2. Nf3 c5 3. e3 e6 4. Nc3 Qb6 5. Bb5 cxd4 6. exd4 Bb4 7. Ba4 Qa5 8.
O-O Bxc3 9. bxc3 Qxa4 10. Bg5 d5 11. Qd2 Ne4 12. Qd3 Nd7 13. g3 b6 14. c4 Ba6
15. Nd2 Nxg5 16. f4 Ne4 17. Nxe4 dxe4 18. Qxe4 O-O 19. Rfe1 Bxc4 20. c3 Bd5 21.
Qe3 Nf6 22. Re2 Rac8 23. Rc1 Bb7 24. Qe5 Qc6 25. f5 Qh1+ 26. Kf2 Ng4# 0-1

[Event "Julian Mazur Memorial"]
[Site "Wellington Chess Club"]
[Date "2020.07.02"]
[Round "3.24"]
[White "Dunlop, Rafe"]
[Black "Van der Hoorn, Thomas"]
[Result "0-1"]
[WhiteElo "1397"]
[BlackElo "1522"]

1. e4 e5 2. Nf3 Nc6 3. Bb5 a6 4. Ba4 Nf6 5. O-O Be7 6. Re1 b5 7. Bb3 O-O 8. d3
d6 9. c3 Na5 10. Bc2 c5 11. Be3 Bg4 12. Nbd2 Qc7 13. h3 Bh5 14. d4 Rac8 15. b3
cxd4 0-1

[Event "Julian Mazur Memorial"]
[Site "Wellington Chess Club"]
[Date "2020.07.04"]
[Round "3.7"]
[White "Cooke, Xandi"]
[Black "Pomeroy, Arthur"]
[Result "1/2-1/2"]
[WhiteElo "1444"]
[BlackElo "2021"]

1. d4 Nf6 2. c4 g6 3. Nc3 Bg7 4. Nf3 O-O 5. e4 d6 6. Be3 e5 7. d5 Ng4 8. Qd2
Nxe3 9. Qxe3 Na6 10. Be2 f5 11. O-O f4 12. Qd2 g5 13. h3 Qf6 14. Nh2 Qg6 15.
Bg4 Nc5 16. Qe2 a6 17. b4 Nd7 18. a4 Nf6 19. Rac1 h5 20. Bxc8 Raxc8 21. g3 g4
22. h4 Bh6 23. Rcd1 Rf7 24. a5 Rcf8 25. Na4 Qxe4 26. Qxe4 Nxe4 27. Rfe1 fxg3
28. Rxe4 gxh2+ 29. Kxh2 Rxf2+ 30. Kh1 g3 31. Rde1 Rh2+ 32. Kg1 Bf4 33. R4e2
Rxh4 34. Nc3 Rg4 35. Ne4 h4 36. Kg2 Rg6 37. Kh3 Rf7 38. Rh1 Rfg7 39. Rg2 Be3
40. c5 Rf7 41. cxd6 cxd6 42. Nc3 {White lost on time} 1/2-1/2

[Event "Julian Mazur Memorial"]
[Site "Wellington Chess Club"]
[Date "2020.07.09"]
[Round "4.1"]
[White "Croad, Nicolas"]
[Black "Cilia Vincenti, David"]
[Result "1-0"]
[WhiteElo "2440"]
[BlackElo "2264"]

1. d4 Nf6 2. c4 e5 3. dxe5 Ng4 4. Bf4 Nc6 5. Nf3 Bb4+ 6. Nbd2 Qe7 7. e3 Ngxe5
8. Nxe5 Nxe5 9. Be2 d6 10. O-O a5 11. Nb1 O-O 12. a3 Bc5 13. Nc3 c6 14. Ne4 Bf5
15. Nxc5 dxc5 16. Qb3 a4 17. Qc3 Ng6 18. Bg3 Rfd8 19. Rfd1 Rxd1+ 20. Rxd1 Rd8
21. Qa5 Rxd1+ 22. Bxd1 h5 23. Bxh5 Qe4 24. h4 Qb1+ 25. Kh2 Qxb2 26. Qxa4 Ne5
27. Qa8+ Kh7 28. Qe8 f6 29. Bxe5 Qxe5+ 30. Qxe5 fxe5 31. Be2 Bc2 32. f4 e4 33.
Kg1 Ba4 34. Kf2 b5 35. cxb5 cxb5 36. Ke1 b4 37. axb4 cxb4 38. Kd2 Kg6 39. g4
Kf6 40. Bd1 Bc6 41. Kc2 Bd5 42. Kb2 Bc4 43. Bc2 Bd3 44. Kb3 Ke6 45. Bd1 1-0

[Event "Julian Mazur Memorial"]
[Site "Wellington Chess Club"]
[Date "2020.07.09"]
[Round "4.2"]
[White "Wastney, Scott"]
[Black "Russell, Athula"]
[Result "0-1"]
[WhiteElo "2438"]
[BlackElo "2250"]

1. e4 c6 2. Nc3 d5 3. Nf3 dxe4 4. Nxe4 Nf6 5. Qe2 Nxe4 6. Qxe4 Nd7 7. Bc4 Nf6
8. Ne5 e6 9. Qe2 Bd6 10. d4 O-O 11. O-O Qc7 12. Re1 c5 13. dxc5 Qxc5 14. Bd3
Bxe5 15. Qxe5 Qxe5 16. Rxe5 Bd7 17. b3 Bc6 18. Bb2 Rfd8 19. Rg5 Ne8 20. Re1 Rd5
21. Rxd5 Bxd5 22. c4 Bc6 23. Rd1 f5 24. Be2 Kf7 25. Bf3 Nf6 26. Bxc6 bxc6 27.
f3 Ke7 28. Ba3+ Kf7 29. Bc5 a6 30. Rd6 Rc8 31. Kf2 e5 32. Ke3 f4+ 33. Ke2 g5
34. Bb4 h5 35. Bc3 Ke7 36. c5 Nd7 37. b4 a5 38. Rg6 axb4 39. Bxb4 g4 40. fxg4
hxg4 41. Rxg4 Ke6 42. Rg6+ Kf5 43. Rd6 Nf6 44. a3 e4 45. Bc3 Nd5 46. Bd4 Rg8
47. Kf1 e3 48. Rxc6 Ke4 49. Bf6 f3 50. gxf3+ Kxf3 51. Bh4 Nf4 (51... Rb8 {#9} )
52. Rf6 e2+ 53. Ke1 Rg1+ 54. Kd2 Rd1+ 55. Kc2 Ke3 56. Rf7 Rd5 57. a4 Rxc5+ 58.
Kb3 Rc1 59. Kb4 Nd5+ 60. Kb5 Rb1+ 61. Kc5 Nb4 62. Bf2+ Kd2 63. Rd7+ Nd3+ 64.
Kc4 $4 Rb4+ 65. Kd5 0-1

[Event "Julian Mazur Memorial"]
[Site "Wellington Chess Club"]
[Date "2020.07.09"]
[Round "4.3"]
[White "Ker, Anthony"]
[Black "Stone, Andrew"]
[Result "1-0"]
[WhiteElo "2437"]
[BlackElo "2043"]

1. e4 e5 2. Nf3 Nc6 3. d4 exd4 4. Bc4 Nf6 5. e5 d5 6. Bb5 Ne4 7. Nxd4 Bd7 8.
Bxc6 bxc6 9. O-O c5 10. Nb3 c4 11. Qxd5 cxb3 12. Qxe4 bxc2 13. Qxc2 Qc8 14. Be3
Bf5 15. Qc6+ Bd7 16. Qc3 Qb7 17. Rc1 O-O-O 18. Nd2 Bb4 19. Qc2 Kb8 20. Nb3 Ba4
21. Qc4 Rhe8 22. Nd4 c5 23. Nf5 Bc6 24. Bxc5 Bxc5 25. Qxc5 Bxg2 26. Nd6 1-0

[Event "Julian Mazur Memorial"]
[Site "Wellington Chess Club"]
[Date "2020.07.09"]
[Round "4.4"]
[White "Tanoi, Edward"]
[Black "Dive, Russell"]
[Result "0-1"]
[WhiteElo "1947"]
[BlackElo "2414"]

1. d4 Nf6 2. Nf3 c5 3. d5 g6 4. Nc3 Bg7 5. e4 d6 6. h3 O-O 7. Be2 Nbd7 8. O-O
Rb8 9. a4 b6 10. Re1 Ne8 11. Bg5 Nc7 12. Qd2 Re8 13. Bh6 Bh8 14. Nh2 a6 15. Ng4
b5 16. axb5 axb5 17. Bg5 b4 18. Nh6+ Kf8 19. Qf4 Bf6 20. Bxf6 Nxf6 21. Nd1 Kg7
22. Ne3 e5 23. dxe6 Nxe6 24. Qh4 Nxe4 25. Nhf5+ gxf5 26. Nxf5+ Kh8 27. Qxe4 Nd4
0-1

[Event "Julian Mazur Memorial"]
[Site "Wellington Chess Club"]
[Date "2020.07.09"]
[Round "4.5"]
[White "Pomeroy, Arthur"]
[Black "Forster, Bill"]
[Result "1/2-1/2"]
[WhiteElo "2021"]
[BlackElo "2019"]

1. e4 c5 2. Nf3 a6 3. Nc3 b5 4. d4 cxd4 5. Nxd4 Bb7 6. Bd3 e6 7. O-O Bc5 8. Nb3
Bb6 9. Qe2 d6 10. Be3 Nf6 11. Rae1 Nbd7 12. Kh1 Rc8 13. Bxb6 Nxb6 14. Nd2 Nbd7
15. f4 1/2-1/2

[Event "Julian Mazur Memorial"]
[Site "Wellington Chess Club"]
[Date "2020.07.09"]
[Round "4.8"]
[White "Brockway, Andrew"]
[Black "Wojnar, Jacek"]
[Result "1/2-1/2"]
[WhiteElo "1803"]
[BlackElo "2052"]

1. e4 e5 2. Nf3 d6 3. d4 exd4 4. Nxd4 g6 5. Nc3 Bg7 6. Be3 Nf6 7. Qd2 O-O 8.
O-O-O Re8 9. f3 Nc6 10. g4 Nxd4 11. Bxd4 Be6 12. g5 Nh5 13. Bxg7 Nxg7 14. Nd5
Bxd5 15. exd5 Qe7 16. Bb5 Red8 17. Rde1 Qf8 18. Re2 a6 19. Bd3 Re8 20. Rhe1
Rxe2 21. Rxe2 Re8 22. Kd1 Rxe2 23. Qxe2 Qe8 24. Qxe8+ Nxe8 25. Kd2 Ng7 26. Ke3
f5 27. f4 Kf8 28. b4 Ke7 29. a4 Kd8 30. c3 Kc8 31. Be2 Kb8 32. Kd4 Ka7 33. a5 {
(=) } 1/2-1/2

[Event "Julian Mazur Memorial"]
[Site "Wellington Chess Club"]
[Date "2020.07.09"]
[Round "4.9"]
[White "Jackson, Ross"]
[Black "Marney, John"]
[Result "1-0"]
[WhiteElo "2030"]
[BlackElo "1660"]

1. d4 d5 2. c4 e6 3. Nc3 Nf6 4. cxd5 exd5 5. Bg5 Be7 6. e3 c6 7. Bd3 Nbd7 8.
Nge2 O-O 9. O-O Re8 10. a3 Ne4 11. Bxe7 Qxe7 12. b4 Ndf6 13. b5 Bf5 14. bxc6
bxc6 15. Qc2 Qd6 16. f3 Nxc3 17. Nxc3 Bxd3 18. Qxd3 Rab8 19. Na4 Re7 20. Nc5
Nd7 21. Rac1 Nb6 22. e4 Qf6 23. e5 Qh6 24. f4 Nc4 25. Rb1 Ree8 26. g3 Qh3 27.
f5 Rb2 28. Rxb2 Nxb2 29. Qa6 Qg4 30. Nb3 h6 31. Qxc6 Rb8 32. Qxd5 Rxb3 33. Qxb3
Qxd4+ 34. Kg2 Nd3 35. e6 Qe4+ 36. Kh3 fxe6 37. Qxe6+ Qxe6 38. fxe6 1-0

[Event "Julian Mazur Memorial"]
[Site "Wellington Chess Club"]
[Date "2020.07.09"]
[Round "4.11"]
[White "Aldridge, Alan"]
[Black "Langford, Josh"]
[Result "0-1"]
[WhiteElo "1870"]
[BlackElo "1413"]

1. e4 d6 2. d4 Nf6 3. Nc3 g6 4. Nf3 Bg7 5. h3 O-O 6. Be3 e6 7. Qd2 Nc6 8. O-O-O
a6 9. Bh6 b5 10. a3 Bb7 11. Qg5 Nh5 12. Qe3 f5 13. exf5 exf5 14. Bxg7 Nxg7 15.
Qh6 Ne8 16. Ng5 Qd7 17. Be2 Qg7 18. Qh4 Nd8 19. d5 Nf6 20. f4 Re8 21. Qf2 h6
22. Nf3 Qf7 23. Rhg1 Nxd5 24. Nxd5 Bxd5 25. g4 Nb7 26. gxf5 Qxf5 27. Rxg6+ Kf7
28. Rg4 Nc5 29. Nd4 Qe4 30. Qh4 Be6 31. Qh5+ Ke7 32. f5 Qe3+ 33. Kb1 Bf7 34.
f6+ Kf8 35. Qf5 Ne4 36. Rd3 Qf2 37. Rf3 Qe1+ 0-1